Elvis Presley Movies Quiz Stats

 Plays Quiz Updated Jan 2, 2019

Score 0/31 Timer 06:00
12 Plays Today
Year Film % Correct
1957Jailhouse Rock
84.9%
1961Blue Hawaii
82.2%
1964Viva Las Vegas
74%
1956Love Me Tender
72.5%
1962Girls! Girls! Girls!
63.9%
1960G.I. Blues
63.6%
1958King Creole
57.5%
1962Kid Galahad
56.7%
1964Kissin' Cousins
56.2%
1957Loving You
51%
1964Roustabout
49.6%
1967Clambake
49.3%
1960Flaming Star
47.2%
1969Change of Habit
44.7%
1969Charro!
44%
1965Girl Happy
42.5%
Year Film % Correct
1966Frankie and Johnny
41.5%
1968Speedway
41.1%
1962Follow That Dream
40.6%
1966Spinout
39.6%
1963Fun in Acapulco
38.5%
1965Tickle Me
38.3%
1961Wild in the Country
36.9%
1963It Happened at the World's Fair
36.5%
1965Harum Scarum
35.3%
1966Paradise, Hawaiian Style
33.6%
1967Double Trouble
33.5%
1969The Trouble with Girls
33.5%
1968Stay Away, Joe
32.2%
1967Easy Come, Easy Go
29.6%
1968Live a Little, Love a Little
27.3%

You're not logged in!

Compare scores with friends on all Sporcle quizzes.
OR
Log In

Sporcle TV

Today on Sporcle TV


Watch our educational content, quiz creation guides, and fun videos on Sporcle TV.

Show Comments

Extras

Top Quizzes Today


Score Distribution

Your Account Isn't Verified!

In order to create a playlist on Sporcle, you need to verify the email address you used during registration. Go to your Sporcle Settings to finish the process.

Report this User

Report this user for behavior that violates our Community Guidelines.

Details: